Islands of Kiribati - Statistics

General Stats
  • This quiz has been taken 62 times
  • The average score is 9 of 33
Answer Stats
Answer % Correct
Tarawa
96%
Kiritimati
56%
Banaba
48%
Abaiang
44%
Abemama
44%
Butaritari
41%
Makin
41%
Nonouti
41%
Beru
37%
Onotoa
33%
Marakei
30%
Tabiteuea
30%
Tamana
30%
Arorae
26%
Kuria
26%
Maiana
26%
Nikunau
22%
Aranuka
19%
Tabuaeran
19%
Teraina
19%
Caroline
15%
Flint
15%
Orona
15%
Vostok
15%
Malden
11%
McKean
11%
Nikumaroro
11%
Rawaki
11%
Starbuck
11%
Birnie
7%
Enderbury
7%
Manra
7%
Abariringa
4%
No matching quizzes found
Score Distribution
Percent of People with Each Score
Percentile by Number Answered
Your Score History
You have not taken this quiz